000 00298nam a2200121Ia 4500
100 _aRussel S/ Norvig P
942 _cRB
654 _aartificial
245 _aArtificial intelligence : A Modern approach
260 _bPrentice Hall
_aNew Jersey
_c1995
082 _a6.3
_bPAN
546 _aENGLISH
999 _c19814
_d19814